000
00254nam a22001217a 4500
003
SGT
082
_a
350.007
_b
O11P
100
_a
PATHAK, HARSH
245
_a
ORGANISATIONAL CHANGE
260
_a
INDIA
_b
PEARSON
_c
2011
300
_a
378
942
_2
ddc
_c
BK
999
_c
14967
_d
14967